000 00601 a2200181 4500
010 _aENG-90146
020 _c350.00
_a0195696697
035 _aEN-73679
037 _bDBAD / PUB
082 1 4 _a338.954
090 _c12549
_d12549
245 1 _aEconomic survey 2007-08
260 _aNew Delhi
_bOxford University Press
_c2008
270 _aYMCA Library Building, Jai Singh Road
_bNew Delhi
_cDelhi
_e110001
300 _aix, 263, A-125p.
_c28 cm ( Pbk.)
942 _adpl
_cEN
_k338.954 / ECO
999 _c12189
_d12189